000 00389nam a2200145Ia 4500
008 230711s9999||||xx |||||||||||||| ||und||
041 _aENG
082 _a621.381
_bRA-E
100 _aRao Sunil S
245 0 _aEHV-AC HVDC transmission and distribucation engineering
250 _a3rd Ed.
260 _c2001
_aNew Delhi
_bKhanna Publishers
650 _aElectrical Engineering
942 _cBK
999 _c3879
_d3879